Territoires non reconnus par les nations unies - Statistiques

Statistiques générales
  • Ce quiz a été pris 34 fois
  • Le résultat moyen est 5 sur 12
Statistiques - réponses
Par images Réponse % Correct
Palestine
97%
Taiwan
77%
Chypre du nord
67%
Abkhazie
60%
Ossetie du sud
53%
Transnistrie
53%
Somaliland
50%
Haut-karabagh
37%
Bougainville
17%
Sint Maarten
7%
Azawad
3%
Chinland
0%
Aucun quiz correspondant
Distribution des résultats
% des personnes avec chaque résultat
Percentile par nombre de réponses
Votre historique - résultats
Vous n’avez pas pris ce quiz